<?xml version="1.0" encoding="UTF-8"?>
<record
    xmlns:xsi="http://www.w3.org/2001/XMLSchema-instance"
    xsi:schemaLocation="http://www.loc.gov/MARC21/slim http://www.loc.gov/standards/marcxml/schema/MARC21slim.xsd"
    xmlns="http://www.loc.gov/MARC21/slim">

  <leader>01950nam a22002657a 4500</leader>
  <datafield tag="952" ind1=" " ind2=" ">
    <subfield code="0">0</subfield>
    <subfield code="1">0</subfield>
    <subfield code="4">0</subfield>
    <subfield code="7">0</subfield>
    <subfield code="a">23</subfield>
    <subfield code="b">23</subfield>
    <subfield code="d">2015-06-17</subfield>
    <subfield code="l">6</subfield>
    <subfield code="m">3</subfield>
    <subfield code="o">RA427.9 P43</subfield>
    <subfield code="p">23 000021</subfield>
    <subfield code="r">2019-12-02</subfield>
    <subfield code="s">2019-11-27</subfield>
    <subfield code="t">1</subfield>
    <subfield code="w">2015-06-17</subfield>
    <subfield code="y">LB</subfield>
  </datafield>
  <datafield tag="952" ind1=" " ind2=" ">
    <subfield code="0">0</subfield>
    <subfield code="1">0</subfield>
    <subfield code="4">0</subfield>
    <subfield code="7">0</subfield>
    <subfield code="a">23</subfield>
    <subfield code="b">23</subfield>
    <subfield code="d">2015-06-18</subfield>
    <subfield code="l">7</subfield>
    <subfield code="m">2</subfield>
    <subfield code="o">RA427.9 P43</subfield>
    <subfield code="p">23 000027</subfield>
    <subfield code="r">2019-12-02</subfield>
    <subfield code="s">2019-11-27</subfield>
    <subfield code="t">2</subfield>
    <subfield code="w">2015-06-18</subfield>
    <subfield code="y">LB</subfield>
  </datafield>
  <datafield tag="999" ind1=" " ind2=" ">
    <subfield code="c">96955</subfield>
    <subfield code="d">96955</subfield>
  </datafield>
  <controlfield tag="005">20231102151829.0</controlfield>
  <controlfield tag="008">150617b2008    sp a|||| |||| 00| 0 spa d</controlfield>
  <datafield tag="020" ind1=" " ind2=" ">
    <subfield code="a">9788448163983</subfield>
  </datafield>
  <datafield tag="050" ind1=" " ind2="4">
    <subfield code="a">RA427.9 </subfield>
    <subfield code="b">P43</subfield>
  </datafield>
  <datafield tag="100" ind1="1" ind2=" ">
    <subfield code="a">Pearson, Alan</subfield>
    <subfield code="d">autor</subfield>
  </datafield>
  <datafield tag="240" ind1="1" ind2="0">
    <subfield code="a">Evidence based clinical practice in nursing and healthcare: assimilating research, experience and expertise. </subfield>
    <subfield code="l">Espa&#xF1;ol</subfield>
  </datafield>
  <datafield tag="245" ind1="1" ind2="0">
    <subfield code="a">Pr&#xE1;ctica cl&#xED;nica basada en la evidencia en enfermer&#xED;a y cuidados de la salud</subfield>
    <subfield code="b"> : integrando la investigaci&#xF3;n, la experiencia y la excelencia</subfield>
    <subfield code="c">Alan Pearson, John Field,  Zoe Jordan; traducci&#xF3;n Bego&#xF1;a Jim&#xE9;nez Asp&#xED;zua</subfield>
  </datafield>
  <datafield tag="260" ind1="3" ind2=" ">
    <subfield code="a">Madrid</subfield>
    <subfield code="a">Espa&#xF1;a</subfield>
    <subfield code="b"> : McGraw-Hill - Interamericana de Espa&#xF1;a</subfield>
    <subfield code="c">, 2008</subfield>
  </datafield>
  <datafield tag="300" ind1=" " ind2=" ">
    <subfield code="a">xii, 193 p&#xE1;ginas</subfield>
    <subfield code="b">ilustrado</subfield>
  </datafield>
  <datafield tag="500" ind1=" " ind2=" ">
    <subfield code="a">Traducci&#xF3;n de: Evidence-Based clinical practice in nursing and healthcare : assimilating research, experience and expertise.
Incluye &#xED;ndice (pp.187-193)</subfield>
  </datafield>
  <datafield tag="505" ind1="1" ind2=" ">
    <subfield code="a">La evoluci&#xF3;n de la pr&#xE1;ctica cl&#xED;nica basada en la evidencia
La atenci&#xF3;n sanitaria basada en la evidencia: el modelo del Joanna Briggs Institute (JBI), un enfoque global
&#xBF;En qu&#xE9; consiste la evidencia para la pr&#xE1;ctica?
La generaci&#xF3;n de evidencia para la atenci&#xF3;n sanitaria
La s&#xED;ntesis de la evidencia: la revisi&#xF3;n sistem&#xE1;tica
S&#xED;ntesis de la evidencia: la evaluaci&#xF3;n cr&#xED;tica, la extracci&#xF3;n de los datos y la s&#xED;ntesis de los resultados
Transferir el conocimiento: redactar un informe de revisi&#xF3;n sistem&#xE1;tica y elaborar gu&#xED;as cl&#xED;nicas
El uso de la evidencia: la auditor&#xED;a cl&#xED;nica
La pr&#xE1;ctica basada en la evidencia cient&#xED;fica: problemas y desaf&#xED;os</subfield>
  </datafield>
  <datafield tag="519" ind1=" " ind2=" ">
    <subfield code="a">Material complementario /</subfield>
    <subfield code="b">Enfermer&#xED;a /</subfield>
    <subfield code="d">(23 000021, 23 000027)
</subfield>
  </datafield>
  <datafield tag="650" ind1="1" ind2="4">
    <subfield code="a">MEDICINA BASADA EN LA EVIDENCIA</subfield>
  </datafield>
  <datafield tag="650" ind1="2" ind2="4">
    <subfield code="a">CUIDADOS PRIMARIOS (MEDICINA)</subfield>
  </datafield>
  <datafield tag="650" ind1="2" ind2="4">
    <subfield code="a">INFORM&#xC1;TICA M&#xC9;DICA</subfield>
  </datafield>
  <datafield tag="700" ind1="1" ind2=" ">
    <subfield code="a">Field, John </subfield>
    <subfield code="e">autor</subfield>
  </datafield>
  <datafield tag="700" ind1="1" ind2=" ">
    <subfield code="a">Jordan, Zoe</subfield>
    <subfield code="e">autor</subfield>
  </datafield>
  <datafield tag="700" ind1="1" ind2=" ">
    <subfield code="a">Jim&#xE9;nez Asp&#xED;zua, Bego&#xF1;a</subfield>
    <subfield code="e">traductor</subfield>
  </datafield>
  <datafield tag="942" ind1=" " ind2=" ">
    <subfield code="c">LB</subfield>
  </datafield>
</record>
